Les 2 meilleurs attaquants de ces grands clubs dans l'histoir - Statistiques

Statistiques générales
  • Ce quiz a été pris 149 fois
  • Le résultat moyen est 16 sur 30
Statistiques - réponses
Clubs Nationalités Joueurs % Correct
Réal Madrid France Karim Benzema
95%
FC Barcelone Uruguay Luis Suarez
94%
FC Barcelone Cameroun Samuel Eto'o
92%
Chelsea Côte d'Ivoire Didier Drogba
88%
Manchester City Norvège Erling Haaland
85%
Arsenal France Thierry Henry
83%
Paris Saint-Germain Uruguay Edinson Cavani
81%
Bayern Munich Pologne Robert Lewandowski
80%
Manchester City Argentine Sergio Agüero
80%
Paris Saint-Germain Suède Zlatan Ibrahimovic
80%
Bayern Munich Allemagne Gerd Muller
77%
Manchester United France Eric Cantona
76%
Olympique Lyonnais France Alexandre Lacazette
70%
Réal Madrid Espagne/Argentine Alfredo Di Stefano
63%
Juventus Turin Italie Alessandro Del Piero
62%
AC Milan Ukraine Andrei Shevchenko
61%
Olympique de Marseille France Jean-Pierre Papin
60%
AC Milan Pays-Bas Marco Van Basten
58%
Inter Milan Argentine Lautaro Martinez
54%
Liverpool Ecosse Kenny Dalglish
50%
Liverpool Pays de Galles Ian Rush
38%
Inter Milan Italie Giuseppe Meazza
20%
Manchester United Ecosse Denis Law
19%
Arsenal Angleterre Ian Wright
19%
Olympique de Marseille Yougoslavie Josip Skoblar
17%
Olympique Lyonnais France Fleury Di Nallo
16%
Juventus Turin Italie Roberto Baggio
13%
Borussia Dortmund Suisse Stefan Chapuisat
9%
Borussia Dortmund Allemagne Karl-Heinz Riedle
0%
Chelsea Angleterre Peter Osgood
0%
Aucun quiz correspondant
Distribution des résultats
% des personnes avec chaque résultat
Percentile par nombre de réponses
Votre historique - résultats
Vous n’avez pas pris ce quiz